vampire diares charecters - Statistics

General Stats
  • This quiz has been taken 275 times
  • The average score is 20 of 27
Answer Stats
Answer % Correct
Emily Emily Bennett
94%
Sheila Sheila Bennett
94%
John John Gilbert
92%
Elena Elena Gilbert
88%
Damon Damon Salvatore
87%
Jeremy Jeremy Gilbert
87%
Stefan Stefan Salvatore
87%
Caroline Caroline Forbes
86%
Liv Liv Parker
85%
Matt Matt Donovan
85%
Tyler Tyler Lockwood
85%
vicki Vicki Donovan
85%
Alaric Alaric Saltzman
84%
Lexi Lexi Branson
84%
Bonni Bonnie Bennett
83%
Carol Carol Lockwood
82%
katherine Katherine Pierce
82%
April April Young
81%
Meredith Meredith Fell
81%
Anna Anna
80%
Isobel Isobel Flemming
78%
Jenna Jenna Sommers
77%
Richard Richard Lockwood
69%
Enzo Enzo St. John
65%
Kai Malachai Parker
25%
Luke Luke Praker
5%
Lilian LiIlian Salvator
0%
No matching quizzes found
Score Distribution
Percent of People with Each Score
Percentile by Number Answered
Your Score History
You have not taken this quiz